000 00866nam a2200253Ia 4500
003 OSt
005 20220923211020.0
006 a|||||r|||| 00| 0
007 ta
008 220922b |||||||| |||| 00| 0 hin d
020 _a8170555515 (hbk)
_c95
024 _a234,525
037 _b486, 21/03/2008, Vani Prakashan
_cTextual
040 _aARTS
_cARTS
_bhin
041 _2hin
_ahin
082 _aP(6), 152N7;P2
100 _aगौतम, रूपचन्द
_9157157
245 0 _aहिन्दी टंकण सिद्धान्त
246 _aHindī ṭankaṇ siddhānta
260 _aनयी दिल्ली
_b वाणी प्रकाशन
_c2002
300 _a95पृ.
_ccm.
942 _hP(6), 152N7;P2
_cTEXL
_2CC
999 _c293947
_d293947